Top 50 des personnages du premier sondage de popularité Dragon Ball - Statistiques

Statistiques générales
  • Ce quiz a été pris 46 fois
  • Le résultat moyen est 30 sur 50
Statistiques - réponses
Place Top 50 du sondage mondial de popularité Dragon Ball % Correct
3 Son Gohan
100%
1 Son Goku
100%
2 Vegeta
100%
13 Bulma
98%
10 Freezer
98%
16 Son Goten
98%
18 C17
95%
8 C18
95%
47 C8
95%
11 Krillin
95%
9 Cell
93%
4 Piccolo
93%
36 Trunks
90%
26 Gros Boo
88%
17 Chichi
85%
27 Kamesennin
85%
24 Mr Satan
85%
12 Yamcha
85%
32 C16
80%
21 Raditz
73%
14 Ten Shin Han
73%
22 Gotenks
68%
40 Nappa
68%
5 Vegeto
68%
50 Dende
60%
25 Chaozu
58%
46 Mr Popo
58%
44 Pan
58%
20 Videl
58%
33 Karin
55%
42 Tao Pai Pai
55%
7 Bardock
53%
38 Mai
53%
6 Trunks du Futur
50%
28 Kid Boo
48%
41 Ginyu
45%
19 Lunch
45%
35 Shin
45%
48 Yajirobe
43%
34 Oob
38%
43 Puerh
38%
29 Présentateur du Tenkaichi Budokai
13%
30 Dolphin
5%
23 Fermier avec une force de combat de 5
5%
15 Scratch
5%
49 Suno
5%
45 Great Saiyaman
3%
37 Roi Chappa
3%
39 Shneron
3%
31 Sirène
3%
Aucun quiz correspondant
Distribution des résultats
% des personnes avec chaque résultat
Percentile par nombre de réponses
Votre historique - résultats
Vous n’avez pas pris ce quiz